| 000 | 00629nam a2200205 a 4500 | ||
|---|---|---|---|
| 005 | 20210223124242.0 | ||
| 008 | 010716s1992 mx r 000 0 spa d | ||
| 020 | _a9682935369 | ||
| 035 | _aUPN01000109627 | ||
| 049 | _aCG | ||
| 050 | 4 |
_aHT169 M6 _bA4.2 |
|
| 100 | 1 | _aAlegria Olazábal, Tito | |
| 245 | 1 | 0 |
_aDesarrollo urbano en la frontera México-Estados Unidos : _buna interpretación y algunos resultados / _cTito Alegria Olazábal. |
| 260 |
_aMéxico : _bCNCA, _c1992 |
||
| 300 | _a285 p. | ||
| 440 | 0 | _aRegiones | |
| 650 | 4 |
_aURBANIZACION - _zMEXICO _917389 |
|
| 651 | 4 |
_aMEXICO - _xCUESTION FRONTERIZA |
|
| 905 | _aLibro | ||
| 999 |
_c83538 _d83538 |
||